Macroeconomics / (Record no. 869)

MARC details
000 -LEADER
fixed length control field 00443nam a2200169 a 4500
020 ## - INTERNATIONAL STANDARD BOOK NUMBER
ISBN 0256161577
050 00 - CALL NUMBER
Classification number HB172.5
Item number c638
100 1# - AUTHOR
Personal name Hyman, David N.
245 10 - TITLE
Title Macroeconomics /
Statement of responsibility, etc David N. Hyman.
250 ## - EDITION
Edition statement 4th ed.
260 ## - PUBLICATION INFORMATION
Place of publication Chicago :
Name of publisher Irwin,
Year of publication c1997.
300 ## - DESCRIPTION
Number of Pages xxiv, 546 p. :
Other physical details ill. (some col.) ;
Dimensions 26 cm.
440 #4 - SERIES
SERIES The Irwin series in economics
500 ## - NOTES
General note includes index
650 #0 - SUBJECTS
Topical Term Macroeconomics.
942 ## - ADDED ENTRY ELEMENTS (KOHA)
Koha item type Books
Holdings
Withdrawn status Lost status Home library Current library Date acquired Full call number Accession Number Koha item type
    Methodist University Library Wenchi Faculty Methodist University Library Wenchi Faculty 14/11/2017 HB172.5 c638 11318 Books
Copyright © 2026  MUG Library